01407nam a2200337Ia 4500001001200000003000800012006001900020007001500039008004100054020001500095040002100110035002000131050002500151245013500176260005300311300001100364500014600375504005100521533015200572650001800724650001800742650002200760650001900782655002900801700002400830700003000854700002500884710001700909856012600926999001701052ebr10048795CaPaEBRm u cr cn|||||||||021118s2003 nyu sb i001 0 eng d z9280810804 aCaPaEBRcCaPaEBR a(OCoLC)5500289314aJC571b.G5855 2003eb04aThe globalization of human rightsh[electronic resource] /cedited by Jean-Marc Coicaud, Michael W. Doyle, and Anne-Marie Gardner. aNew York :bUnited Nations Publications,cc2003. a217 p. a"The product of a research project conducted under the auspices of the Peace and Governance Programme of the United Nations University"--Ack. aIncludes bibliographical references and index. aElectronic reproduction.bPalo Alto, Calif. :cebrary,d2009.nAvailable via World Wide Web.nAccess may be limited to ebrary affiliated libraries. 0aHuman rights. 0aCivil rights. 0aPolitical rights. 0aGlobalization. 7aElectronic books.2local1 aCoicaud, Jean-Marc.1 aDoyle, Michael W.,d1948-1 aGardner, Anne-Marie.2 aebrary, Inc.40uhttp://site.ebrary.com/lib/rucke/Doc?id=10048795zAn electronic book accessible through the World Wide Web; click to view c77228d77228